000 00320nam a22001337a 4500
008 170303b xxu||||| |||| 00| 0 eng d
020 _a9780721676623
041 _aeng
080 _25TH
_a616.073
100 _a6
101 _aSHM
245 _aINTRODUCTION TO RADIOGRAPHY AND PATIENT CARE
_cADIER, A.M
942 _2udc
_cBK
999 _c6703
_d6703